Lok Sabha Debates (Record no. 692821)

MARC details
000 -LEADER
fixed length control field 00646nam a2200229Ia 4500
003 - CONTROL NUMBER IDENTIFIER
control field OSt
005 - DATE AND TIME OF LATEST TRANSACTION
control field 20220927105501.0
008 - FIXED-LENGTH DATA ELEMENTS--GENERAL INFORMATION
fixed length control field 220926b |||||||| |||| 00| 0 eng d
037 ## - SOURCE OF ACQUISITION
Terms of availability Reference Collections
040 ## - CATALOGING SOURCE
Original cataloging agency RTL
Transcribing agency RTL
Language of cataloging eng
041 ## - LANGUAGE CODE
Source of code eng
Language code of text/sound track or separate title eng
245 #0 - TITLE STATEMENT
Title Lok Sabha Debates
Remainder of title Third session.
260 ## - PUBLICATION, DISTRIBUTION, ETC.
Place of publication, distribution, etc. New
Name of publisher, distributor, etc. Delhi Lok Sabha Secretariat.
Date of publication, distribution, etc. 1985
300 ## - PHYSICAL DESCRIPTION
Extent 544p.
Dimensions cm.
490 ## - SERIES STATEMENT
Volume/sequential designation Vol 8; no.19
Series statement Eighth Series.
942 ## - ADDED ENTRY ELEMENTS (KOHA)
Classification part "V2,32p.N85, M5.8-19"
Koha item type
Holdings
Withdrawn status Lost status Damaged status Not for loan Home library Current library Date acquired Serial Enumeration / chronology Total Checkouts Full call number Barcode Date last seen Price effective from Koha item type
        Ratan Tata Library Ratan Tata Library 2022-09-27 Vol 8; no.19   "V2,32p.N85 M5.8-19" RT1411662 2022-09-27 2022-09-27  
Copyright @ Delhi University Library System